| 000 | 01040nam a2200289 a 4500 | ||
|---|---|---|---|
| 001 | 000024554 | ||
| 005 | 20200930023233.0 | ||
| 008 | 110131s1971 sp r 000 0 spa d | ||
| 040 |
_aDO-SdBNP _bspa _cBNPHU |
||
| 041 | 1 | 7 |
_aspa _heng _2Código de idioma MARC |
| 082 |
_a189.4 _bP967 |
||
| 100 | 1 |
_aProton, Didier Edmond _d1942- _950333 |
|
| 240 | 1 | 0 |
_aThomas d' Aquin _lEspañol. |
| 245 | 1 | 0 |
_aQué ha dicho verdaderamente Santo Tomás de Aquino / _cDidier Edmond Proton ; traducción española por Rosario de la Iglesia. |
| 260 |
_aMadrid : _bDoncel, _c1971. |
||
| 300 |
_a132, [2] p. ; _c18 cm. |
||
| 490 | 1 |
_aQué ha dicho Verdaderamente _v11 |
|
| 534 |
_aTítulo original: _tThomas d' Aquin |
||
| 500 | _aIncluye referencias bibliográficas | ||
| 500 | _aIncluye notas al pie de las páginas | ||
| 650 | 4 |
_aEscolasticismo _950334 |
|
| 650 | 4 |
_aTomismo _950335 |
|
| 650 | 4 |
_aUniversales (filosofía) _950336 |
|
| 700 | 1 |
_aIglesia, Rosario de la _etr. _948651 |
|
| 830 | 0 |
_aQué ha dicho Verdaderamente _v11 _933187 |
|
| 049 | _aBNGR | ||
| 999 |
_c24047 _d24047 |
||